| 000 | 00543nam a22001577a 4500 | ||
|---|---|---|---|
| 008 | 240305b ||||| |||| 00| 0 eng d | ||
| 020 | _a9780325098715 | ||
| 050 |
_aP95.3 _b.F73 2019 |
||
| 100 | _a Frazin, Shana, | ||
| 245 |
_aUnlocking the power of classroom talk : _bteaching kids to talk with clarity & purpose / _cShana Frazin & Katy Wischow. |
||
| 260 |
_a Portsmouth : _bHeinemann, _c2019. |
||
| 300 |
_ax, 147 p. ; _c24 cm |
||
| 650 |
_aOral communication _xStudy and teaching. |
||
| 700 | _a Wischow, Katy, | ||
| 942 |
_2lcc _cBK |
||
| 999 |
_c59076 _d59076 |
||